<?xml version="1.0" encoding="UTF-8"?>
<record
    xmlns:xsi="http://www.w3.org/2001/XMLSchema-instance"
    xsi:schemaLocation="http://www.loc.gov/MARC21/slim http://www.loc.gov/standards/marcxml/schema/MARC21slim.xsd"
    xmlns="http://www.loc.gov/MARC21/slim">

  <leader>05203njm a2200577Ia 4500</leader>
  <controlfield tag="001">D7007</controlfield>
  <controlfield tag="003">IT-RoPAU</controlfield>
  <controlfield tag="005">20220918181113.0</controlfield>
  <controlfield tag="008">131025s9999    xx            000 0 und d</controlfield>
  <datafield tag="040" ind1=" " ind2=" ">
    <subfield code="a">IT-RoPAU</subfield>
  </datafield>
  <datafield tag="040" ind1=" " ind2=" ">
    <subfield code="c">IT-RoPAU</subfield>
  </datafield>
  <datafield tag="999" ind1=" " ind2=" ">
    <subfield code="c">99173</subfield>
    <subfield code="d">99173</subfield>
  </datafield>
  <datafield tag="999" ind1=" " ind2=" ">
    <subfield code="b">n.d.</subfield>
  </datafield>
  <datafield tag="100" ind1=" " ind2=" ">
    <subfield code="a">AA.VV.</subfield>
    <subfield code="9">794</subfield>
  </datafield>
  <datafield tag="100" ind1=" " ind2=" ">
    <subfield code="e">Autore musica</subfield>
    <subfield code="9">31073</subfield>
  </datafield>
  <datafield tag="100" ind1=" " ind2=" ">
    <subfield code="g">Codice autore musica SPICS: 12000</subfield>
    <subfield code="9">796</subfield>
  </datafield>
  <datafield tag="245" ind1=" " ind2=" ">
    <subfield code="a">Big Joe Turner. Gigante del blues</subfield>
  </datafield>
  <datafield tag="250" ind1=" " ind2=" ">
    <subfield code="a">2a ed.</subfield>
  </datafield>
  <datafield tag="260" ind1=" " ind2=" ">
    <subfield code="a">MILANO</subfield>
  </datafield>
  <datafield tag="260" ind1=" " ind2=" ">
    <subfield code="b">RUSCONI</subfield>
    <subfield code="c">1995 [1a Ed.:]</subfield>
  </datafield>
  <datafield tag="300" ind1=" " ind2=" ">
    <subfield code="a">COMPACT DISC</subfield>
  </datafield>
  <datafield tag="300" ind1=" " ind2=" ">
    <subfield code="c">59 minuti (Testo:  pag.)</subfield>
  </datafield>
  <datafield tag="500" ind1=" " ind2=" ">
    <subfield code="a">Musica jazz.</subfield>
  </datafield>
  <datafield tag="505" ind1=" " ind2=" ">
    <subfield code="a">Roll'em Pete [(New York, Carnegie Hall, 23 dicembre 1938) (3:00)] - Cherry Red [(New York, 30 giugno 1939) (3:00)] - On the Sunny Side of the Street [(New York, Cafe Society, 1939) (6:00)] - How Long Blues [(New York, 15 gennaio 1940) (4:00)] - Shake It and Break It [(New York, 15 gennaio 1940) (3:00)] - I Can't Give You Anything But Love [(New York, 9 febbraio 1940) (4:00)] - Goin' Away Blues [(New York, 18 agosto 1940) (3:00)] - Joe Turner Blues [(New York, 15 ottobre 1940) (3:00)] - Beale Street Blues [(New York, 15 ottobre 1940) (3:00)] - Piney Brown Blues [(New York, 11 novembre 1940) (3:00)] - Wee Baby Blues [(New York, 21 gennaio 1941) (3:00)] - Rocks In My Bed [(Los Angeles, 8 settembre 1941) (4:00)] - Goin' To Chicago Blues [(Los Angeles, 8 settembre 1941) (4:00)] - Low Down Dog [(Los Angeles, Circa 1944) (3:00)] - Little Bittie Gal's Blues [(Chicago, 30 ottobre 1944) (3:00)] - S.K. Blues [(New York, 2 febbraio 1945) (6:00)] - Johnson and Turner Blues [(New York, 2 febbraio 1945) (4:00)]</subfield>
  </datafield>
  <datafield tag="511" ind1=" " ind2=" ">
    <subfield code="a">Turner Joe: voc; Johnson Pete: p</subfield>
  </datafield>
  <datafield tag="511" ind1=" " ind2=" ">
    <subfield code="a">Turner Joe: voc; Lips Page Hot: tr; Smith Buster: alto; Johnson Pete: p; Lucie Lawrence: chit; Bolar Abe: cb; Dougherty Eddie: batt; Pete Johnson &amp; His Boogie Woogie Boys</subfield>
  </datafield>
  <datafield tag="511" ind1=" " ind2=" ">
    <subfield code="a">Frank Newton and His Cafe Society Orchestra: Turner Joe: voc; Newton Frank: tr; Smith Tab: alto; Payne Stanley: alto; Hollon Kenneth: ten; Kersey Kenny: p; Livingston Ulysses: chit; Williams Johnny: cb; Dougherty Eddie: batt; Pete Johnson &amp; His Boogie Woogie Boys</subfield>
  </datafield>
  <datafield tag="511" ind1=" " ind2=" ">
    <subfield code="a">Turner Joe: voc; Carter Benny: tr, alto; Polo Danny: cl; Hawkins Coleman: ten; Sullivan Joe: p; Livingston Ulysses: chit; Shapiro Art: cb; Wettling George: batt; Varsity Seven</subfield>
  </datafield>
  <datafield tag="511" ind1=" " ind2=" ">
    <subfield code="a">Turner Joe: voc; Anderson Eddie: tr; Morton Benny: trne; Hall Edmond: cl; Polo Danny: ten; Sullivan Joe: p; Greene Freddie: chit; Turner Henry: cb; Wells Johnny: batt; Joe Sullivan and His Cafe Society Orchestra</subfield>
  </datafield>
  <datafield tag="511" ind1=" " ind2=" ">
    <subfield code="a">Turner Joe: voc; Johnson Pete: p</subfield>
  </datafield>
  <datafield tag="511" ind1=" " ind2=" ">
    <subfield code="a">Turner Joe: voc; Coleman Bill: tr; Morton Benny: trne; Carter Benny: alto, cl; Auld Georgie: ten; White Sonny: p; Livingston Ulysses: chit; Myers Wilson: cb; Porter Yank: batt; Benny Carter and His All Star Orchestra</subfield>
  </datafield>
  <datafield tag="511" ind1=" " ind2=" ">
    <subfield code="a">Turner Joe: voc; Page Hot Lips: tr; Johnson Pete: p; Collins John: chit; Bolar Abe: cb; Godley A.G.: batt: Joe Turner and His Fly Cats</subfield>
  </datafield>
  <datafield tag="511" ind1=" " ind2=" ">
    <subfield code="a">Turner Joe: voc; Thomas Joe: tr; Hall Edmond: cl; Tatum Art: p; Collins John: chit; Taylor Billy: cb; Dougherty Eddie: batt; Art Tatum and His Band</subfield>
  </datafield>
  <datafield tag="511" ind1=" " ind2=" ">
    <subfield code="a">Turner Joe: voc; Slack Freddie: p; Hendrickson Al: chit; De Naut Jud: cb</subfield>
  </datafield>
  <datafield tag="511" ind1=" " ind2=" ">
    <subfield code="a">Turner Joe: voc; Lux Lewis Meade: p</subfield>
  </datafield>
  <datafield tag="511" ind1=" " ind2=" ">
    <subfield code="a">Turner Joe: voc; Johnson Pete: p; Ashley Ernest: chit; Bartley D.: cb</subfield>
  </datafield>
  <datafield tag="511" ind1=" " ind2=" ">
    <subfield code="a">Turner Joe: voc; Newton Frank: tr; Byas Don: ten; Johnson Pete: p; Ware Leonard: chit; Hall Al: cb; West Doc: batt; Joe Turner &amp; Pete Johnson All-Stars</subfield>
  </datafield>
  <datafield tag="650" ind1=" " ind2=" ">
    <subfield code="a">JAZZ [COMPACT DISC]</subfield>
    <subfield code="e">Codice MATERIA SPICS: 9949</subfield>
    <subfield code="9">11822</subfield>
  </datafield>
  <datafield tag="700" ind1=" " ind2=" ">
    <subfield code="a">Turner Joe</subfield>
    <subfield code="e">Interprete</subfield>
    <subfield code="g">Codice interprete SPICS: 15797</subfield>
    <subfield code="9">31074</subfield>
  </datafield>
  <datafield tag="700" ind1=" " ind2=" ">
    <subfield code="a">Johnson Pete</subfield>
    <subfield code="e">Autore musica</subfield>
    <subfield code="g">Codice autore musica SPICS: 16254</subfield>
    <subfield code="p">Roll'em Pete - Cherry Red - Goin' Away Blues - Piney Brown Blues - Wee Baby Blues - Johnson and Turner Blues</subfield>
    <subfield code="9">31075</subfield>
  </datafield>
  <datafield tag="700" ind1=" " ind2=" ">
    <subfield code="a">Turner Joe</subfield>
    <subfield code="e">Autore musica</subfield>
    <subfield code="g">Codice autore musica SPICS: 15797</subfield>
    <subfield code="p">Roll'em Pete - Cherry Red - Goin' Away Blues - Piney Brown Blues - Wee Baby Blues - Low Down Dog - Little Bittie Gal's Blues - Johnson and Turner Blues </subfield>
    <subfield code="9">31076</subfield>
  </datafield>
  <datafield tag="700" ind1=" " ind2=" ">
    <subfield code="a">McHugh Jimmy</subfield>
    <subfield code="e">Autore musica</subfield>
    <subfield code="g">Codice autore musica SPICS: 16297</subfield>
    <subfield code="p">On the Sunny Side of the Street - I Can't Give You Anything But Love</subfield>
    <subfield code="9">31077</subfield>
  </datafield>
  <datafield tag="700" ind1=" " ind2=" ">
    <subfield code="a">Fields Dorothy</subfield>
    <subfield code="e">Autore</subfield>
    <subfield code="g">Codice autore SPICS: 15865</subfield>
    <subfield code="p">On the Sunny Side of the Street - I Can't Give You Anything But Love</subfield>
    <subfield code="9">31078</subfield>
  </datafield>
  <datafield tag="700" ind1=" " ind2=" ">
    <subfield code="a">Carr Leroy</subfield>
    <subfield code="e">Autore musica</subfield>
    <subfield code="g">Codice autore musica SPICS: 20449</subfield>
    <subfield code="p">How Long Blues</subfield>
    <subfield code="9">31079</subfield>
  </datafield>
  <datafield tag="700" ind1=" " ind2=" ">
    <subfield code="a">Anonimo</subfield>
    <subfield code="e">Autore</subfield>
    <subfield code="g">Codice autore musica SPICS: 2620</subfield>
    <subfield code="p">Shake It and Break It</subfield>
    <subfield code="9">31080</subfield>
  </datafield>
  <datafield tag="700" ind1=" " ind2=" ">
    <subfield code="a">Handy William Christopher</subfield>
    <subfield code="e">Autore musica</subfield>
    <subfield code="g">Codice autore musica SPICS: 10730</subfield>
    <subfield code="p">Joe Turner Blues - Beale Street Blues</subfield>
    <subfield code="9">31081</subfield>
  </datafield>
  <datafield tag="700" ind1=" " ind2=" ">
    <subfield code="a">Ellington Duke</subfield>
    <subfield code="e">Autore musica</subfield>
    <subfield code="g">Codice autore musica SPICS: 13023</subfield>
    <subfield code="p">Rocks In My Bed</subfield>
    <subfield code="9">31082</subfield>
  </datafield>
  <datafield tag="700" ind1=" " ind2=" ">
    <subfield code="a">Basie Count</subfield>
    <subfield code="e">Autore musica</subfield>
    <subfield code="g">Codice autore musica SPICS: 10545</subfield>
    <subfield code="p">Goin' To Chicago Blues</subfield>
    <subfield code="9">31083</subfield>
  </datafield>
  <datafield tag="700" ind1=" " ind2=" ">
    <subfield code="a">Rushing Jimmy</subfield>
    <subfield code="e">Autore</subfield>
    <subfield code="g">Codice autore SPICS: 16414</subfield>
    <subfield code="p">Goin' To Chicago Blues</subfield>
    <subfield code="9">31084</subfield>
  </datafield>
  <datafield tag="700" ind1=" " ind2=" ">
    <subfield code="a">King S.</subfield>
    <subfield code="e">Autore musica</subfield>
    <subfield code="g">Codice autore musica SPICS: 45893</subfield>
    <subfield code="p">S.K. Blues</subfield>
    <subfield code="9">31085</subfield>
  </datafield>
  <datafield tag="942" ind1=" " ind2=" ">
    <subfield code="c">CD</subfield>
    <subfield code="2">ddc</subfield>
  </datafield>
  <datafield tag="952" ind1=" " ind2=" ">
    <subfield code="0">0</subfield>
    <subfield code="1">0</subfield>
    <subfield code="4">0</subfield>
    <subfield code="6">D_7007_000000000000000</subfield>
    <subfield code="7">1</subfield>
    <subfield code="a">SPICS</subfield>
    <subfield code="b">SPICS</subfield>
    <subfield code="d">2013-10-25</subfield>
    <subfield code="l">0</subfield>
    <subfield code="o">D7007</subfield>
    <subfield code="r">2013-10-25 00:00:00</subfield>
    <subfield code="w">2013-10-25</subfield>
    <subfield code="y">CD</subfield>
    <subfield code="z">Progr. Ins.: 2077 / N.Vol.: 1 / Copie: 1 - Copia rara: n.d. / date import: 01.01.2014 - By Epidotti, Trombetti, Vaglietti</subfield>
  </datafield>
</record>
